[Event "7eme open pâques Blagny"]
[Site "Blagny"]
[Date "2016.03.26"]
[Round "6.1"]
[White "Halfaoui, Eddine"]
[Black "Hanot, Wilfried"]
[Result "0-1"]
[WhiteElo "2006"]
[BlackElo "1792"]
[PlyCount "60"]
[EventDate "2016.??.??"]

1. d4 Nf6 2. Nf3 g6 3. c4 c5 4. d5 b5 5. cxb5 a6 6. bxa6 Bxa6 7. Nc3 d6 8. e4
Bxf1 9. Kxf1 Nbd7 10. g3 Bg7 11. Kg2 O-O 12. Bg5 h6 13. Bf4 Ng4 14. h3 Nge5 15.
Qd2 Nxf3 16. Kxf3 g5 17. Be3 f5 18. Kg2 Ne5 19. f4 Nc4 20. Qe2 Nxe3+ 21. Qxe3
Bd4 22. Qd2 fxe4 23. Nxe4 gxf4 24. gxf4 Qe8 25. Kh2 Qh5 26. Nc3 Rxf4 27. Rhf1
Rh4 28. Qd3 Kh8 29. Rf3 Qg4 (29... Rg8) 30. Qf5 Rxh3+ 0-1

[Event "7eme open pâques Blagny"]
[Site "Blagny"]
[Date "2016.03.26"]
[Round "6.2"]
[White "Salentiny, Eric"]
[Black "Pierquin, Adrien"]
[Result "1/2-1/2"]
[WhiteElo "1956"]
[BlackElo "1368"]
[PlyCount "55"]
[EventDate "2016.??.??"]

1. f4 d5 2. Nf3 Nf6 3. b3 Bf5 4. e3 e6 5. Bb2 Nbd7 6. Nc3 a6 7. Ne2 h6 8. Ng3
Bh7 9. Be2 Bd6 10. O-O O-O 11. Ne5 Ne4 12. Bd3 Bxe5 13. fxe5 Nxg3 14. Bxh7+
Kxh7 15. hxg3 Qg5 16. Rf4 (16. Qe1 Nxe5 17. Ba3) 16... Nxe5 17. Qe2 Ng6 18. Rf3
Ne5 19. Rf4 Ng6 20. Ba3 Nxf4 21. gxf4 Qf6 22. Rf1 Rfd8 23. Bc5 Qf5 24. d3 b6
25. Bd4 c5 26. Be5 Rd7 27. Qf3 f6 28. Bc3 1/2-1/2

[Event "7eme open pâques Blagny"]
[Site "Blagny"]
[Date "2016.03.26"]
[Round "6.3"]
[White "Durant, Christophe"]
[Black "Louis, Andre"]
[Result "1/2-1/2"]
[WhiteElo "1964"]
[BlackElo "1678"]
[PlyCount "51"]
[EventDate "2016.??.??"]

1. d4 Nf6 2. Nf3 e6 3. Bf4 b6 4. e3 Bb7 5. Bd3 d5 6. c3 Nbd7 7. Nbd2 a6 8. Qc2
c5 9. Ne5 c4 10. Be2 b5 11. Bf3 Rc8 12. O-O Be7 13. e4 O-O 14. exd5 Nxd5 15.
Bg3 N7f6 16. Rfe1 a5 17. a3 Re8 18. Rad1 Bf8 19. Ne4 Nxe4 20. Bxe4 f5 21. Bf3
g6 22. Qd2 Ba8 23. Bxd5 Bxd5 24. f3 g5 25. f4 g4 26. Re2 1/2-1/2

[Event "7eme open pâques Blagny"]
[Site "Blagny"]
[Date "2016.03.26"]
[Round "6.4"]
[White "Pierquin, Jean-Bernard"]
[Black "Ghezzali, Leana"]
[Result "0-1"]
[WhiteElo "1240"]
[BlackElo "1260"]
[PlyCount "118"]
[EventDate "2016.??.??"]

1. d4 e6 2. Bf4 d5 3. Nf3 Nf6 4. Nc3 c5 5. dxc5 Bxc5 6. e3 O-O 7. Be5 Nc6 8. a3
Nxe5 9. Nxe5 Bd6 10. Nf3 b6 11. Be2 Bb7 12. h3 Rc8 13. Qd2 a6 14. Bd3 Ne4 15.
Nxe4 dxe4 16. Bxe4 Bxe4 17. Nh4 Qxh4 18. Qxd6 Rxc2 19. g3 Qd8 20. Qxd8 Rxd8 21.
O-O Rxb2 22. Rac1 Ra2 23. Rfd1 Rxd1+ 24. Rxd1 h6 25. Rd4 Bd5 26. a4 b5 27. axb5
axb5 28. Rb4 Bc4 29. Rb1 Ra3 30. Kg2 Rb3 31. Rc1 Bd5+ 32. Kg1 b4 33. Rc8+ Kh7
34. Kf1 Rb1+ 35. Ke2 b3 36. Kd3 b2 37. Rb8 Rd1+ 38. Kc2 b1=Q+ 39. Rxb1 Rxb1 40.
Kxb1 g5 41. Kc2 Kg6 42. Kd3 e5 43. e4 Be6 44. g4 h5 45. f3 hxg4 46. hxg4 Kf6
47. Kc3 Ke7 48. Kd3 Kd6 49. Kc3 Kc5 50. Kd3 Bc4+ 51. Ke3 f6 52. Kf2 Kd4 53. Kg3
Ke3 54. f4 exf4+ 55. Kg2 Kxe4 56. Kf2 f3 57. Ke1 Ke3 58. Kd1 f2 59. Kc2 f1=Q
0-1

[Event "7eme open pâques Blagny"]
[Site "Blagny"]
[Date "2016.03.26"]
[Round "6.5"]
[White "Raguet, Boris"]
[Black "Marini, Franck"]
[Result "1/2-1/2"]
[WhiteElo "1550"]
[BlackElo "1573"]
[PlyCount "39"]
[EventDate "2016.??.??"]

1. e4 e6 2. d4 d5 3. e5 c5 4. c3 Nc6 5. Nf3 Bd7 6. Bd3 cxd4 7. cxd4 Rc8 8. Na3
Bb4+ 9. Bd2 Qa5 10. Nc2 Nge7 11. Nxb4 Nxb4 12. O-O Qb6 13. Bxb4 Qxb4 14. Qd2
Qxd2 15. Nxd2 O-O 16. Nb3 b6 17. Rac1 Rxc1 18. Rxc1 Rc8 19. Rxc8+ Bxc8 20. Bb5
1/2-1/2

[Event "7eme open pâques Blagny"]
[Site "Blagny"]
[Date "2016.03.26"]
[Round "6.6"]
[White "Belguiral, Baptiste"]
[Black "Regnier, Cedric"]
[Result "0-1"]
[WhiteElo "1270"]
[BlackElo "1587"]
[PlyCount "78"]
[EventDate "2016.??.??"]

1. e4 c6 2. d4 d5 3. exd5 cxd5 4. Nc3 Nf6 5. Nf3 Bg4 6. Bf4 Nc6 7. h3 Bh5 8.
Qd3 Qb6 9. b3 e6 10. Be2 Bb4 11. O-O Bxf3 12. Bxf3 Nxd4 13. Na4 Nxf3+ 14. Qxf3
Qc6 15. c3 Bd6 16. Bxd6 Qxd6 17. Rad1 Qc7 18. Nb2 O-O 19. c4 dxc4 20. Nxc4 Rfd8
21. Rfe1 Rxd1 22. Rxd1 Rd8 23. Rxd8+ Qxd8 24. Qxb7 h5 25. Ne5 Qe8 26. Qxa7 Ne4
27. Qd4 f5 28. f3 Nf6 29. g4 Qc8 30. Qb2 hxg4 31. hxg4 fxg4 32. fxg4 Qc5+ 33.
Kh2 Qd6 34. Qe2 Nd7 35. Kg2 Nxe5 36. a4 Ng6 37. Qe4 Qd5 38. Qxd5 exd5 39. Kf3
Ne5+ 0-1

[Event "7eme open pâques Blagny"]
[Site "Blagny"]
[Date "2016.03.26"]
[Round "6.7"]
[White "Hurreau, Jean Francois"]
[Black "Louis, Vincent"]
[Result "1/2-1/2"]
[WhiteElo "1388"]
[BlackElo "1391"]
[PlyCount "59"]
[EventDate "2016.??.??"]

1. e4 e5 2. Nf3 Nc6 3. Bc4 Be7 4. O-O Nf6 5. d3 O-O 6. Nc3 d6 7. h3 Na5 8. Bb3
c5 9. Nd5 Nxd5 10. Bxd5 Rb8 11. Bd2 b5 12. Qe1 b4 13. a3 Nb7 14. axb4 Qb6 15.
b3 cxb4 16. Qe3 Nc5 17. d4 Nd7 18. dxe5 dxe5 19. Qxb6 axb6 20. c3 bxc3 21. Bxc3
Bf6 22. Bb4 Nc5 23. Bxc5 bxc5 24. Rfc1 Rb5 25. Bc6 Rxb3 26. Rxc5 Bb7 27. Nd2
Rb2 28. Nc4 Rb4 29. Rb5 Rxb5 30. Bxb5 1/2-1/2

[Event "7eme open pâques Blagny"]
[Site "Blagny"]
[Date "????.??.??"]
[Round "5.1"]
[White "Halfaoui, Eddine"]
[Black "Salentiny, Eric"]
[Result "1/2-1/2"]
[WhiteElo "2006"]
[BlackElo "1956"]
[PlyCount "122"]

1. d4 Nf6 2. Nf3 e6 3. c4 c5 4. e3 d5 5. Nc3 cxd4 6. exd4 dxc4 7. Bxc4 Bd6 8.
O-O a6 9. a4 Qc7 10. Qe2 O-O 11. Bd3 Bf4 12. Ne5 Bxc1 13. Raxc1 Qb6 14. Rfd1
Nc6 15. Ne4 Nxe4 16. Nxc6 Nf6 17. Ne5 Rd8 18. Nc4 Qb4 19. Ne5 Bd7 20. Rc4 Qd6
21. Qf3 Be8 22. Qxb7 Rab8 23. Qc7 Qxc7 24. Rxc7 Nd5 25. Ra7 f6 26. Nf3 Bxa4 27.
Re1 Rd7 28. Rxd7 Bxd7 29. Bxa6 Rxb2 30. Bc4 Nc7 31. h4 Kf7 32. Ra1 Rb7 33. Nd2
Bb5 34. Ne4 Ke7 35. Nc5 Rb6 36. Ra7 Bxc4 (36... Kd6 37. Ba2) 37. Rxc7+ Kd6 38.
Rxg7 e5 39. Nb7+ Ke6 40. dxe5 h5 41. exf6 Kxf6 42. Rc7 Bf7 43. Nc5 Rb1+ 44. Kh2
Rb4 45. Kh3 Bg6 46. f3 Bf5+ 47. Kg3 Rb2 48. Ne4+ Kg6 49. Rc6+ Kg7 50. Rc5 Bg6
51. Rg5 Kf7 52. Kf4 Rb4 53. Re5 Ra4 54. g4 hxg4 55. fxg4 Kg7 56. h5 Bh7 57. g5
Kf7 58. Ke3 Ra3+ 59. Kd4 Ra4+ 60. Kd5 Bxe4+ 61. Rxe4 Ra5+ 1/2-1/2

[Event "7eme open pâques Blagny"]
[Site "Blagny"]
[Date "????.??.??"]
[Round "5.2"]
[White "Hanot, Wilfried"]
[Black "Durant, Christophe"]
[Result "1/2-1/2"]
[WhiteElo "1792"]
[BlackElo "1964"]
[PlyCount "39"]

1. e4 e6 2. d4 d5 3. exd5 exd5 4. Nf3 Nf6 5. Bd3 Be7 6. O-O O-O 7. Nbd2 Bg4 8.
c3 Nbd7 9. Qc2 c5 10. Ne5 Bh5 11. Nxd7 Qxd7 12. dxc5 Bxc5 13. Nb3 Bd6 14. Bg5
Bg6 15. Bxf6 gxf6 16. Nd4 a6 17. Rae1 Be5 18. Nf3 Qc7 19. Nxe5 fxe5 20. Bxg6
1/2-1/2

[Event "7eme open pâques Blagny"]
[Site "Blagny"]
[Date "????.??.??"]
[Round "5.3"]
[White "Ghezzali, Leana"]
[Black "Louis, Andre"]
[Result "0-1"]
[WhiteElo "1260"]
[BlackElo "1678"]
[PlyCount "102"]

1. d4 Nf6 2. c4 e6 3. Nf3 b6 4. g3 Ba6 5. Nbd2 d5 6. Bg2 Be7 7. O-O Bb7 8. b3
O-O 9. Bb2 Nbd7 10. Rc1 a5 11. e3 Rc8 12. Qe2 Re8 13. Rfd1 Bb4 14. a3 Bf8 15.
Nb1 Ne4 16. cxd5 exd5 17. Nfd2 Ndf6 18. Nxe4 Nxe4 19. Nc3 Nf6 20. Qd3 Bd6 21.
Bh3 Ra8 22. Nb5 Ba6 23. a4 Re7 24. Bf1 Qd7 25. Qc2 Bb7 26. Nxd6 Qxd6 27. Ra1
Qe6 28. Ba3 Rd7 29. Rac1 c6 30. Bg2 Re8 31. Re1 Rdd8 32. Qc3 Ne4 33. Bxe4 Qxe4
34. Qc2 Qg4 35. Qe2 Qg6 36. Qc2 Qh6 37. Qe2 Re6 38. Qf3 Rf6 39. Qg2 Re8 40. Rc2
Rfe6 41. Qf3 Qg6 42. Rce2 Ba6 43. Rd2 Bd3 44. Rc1 Be4 45. Qf4 Rf6 46. Qc7 Qg4
47. f4 Qf3 48. Rf1 Qh1+ 49. Kf2 Qxh2+ 50. Ke1 Qxg3+ 51. Rff2 Qxe3+ 0-1

[Event "7eme open pâques Blagny"]
[Site "Blagny"]
[Date "????.??.??"]
[Round "5.4"]
[White "Pierquin, Adrien"]
[Black "Hurreau, Jean Francois"]
[Result "1-0"]
[WhiteElo "1368"]
[BlackElo "1388"]
[PlyCount "35"]

1. c4 c5 2. Nc3 d6 3. e4 Nc6 4. h3 Nf6 5. Nf3 e5 6. d3 Be7 7. Be3 Nd4 8. Be2
O-O 9. O-O h6 10. Nd2 Bd7 11. f4 Ne8 12. f5 Bf6 13. Nf3 Nc7 14. Qd2 Nxf3+ 15.
Rxf3 Bg5 16. Rg3 Bh4 (16... Bxe3+ 17. Qxe3 Qf6) 17. Rg4 Qf6 (17... h5 18. Bg5
Bxg5 19. Rxg5 h4) 18. Bxh6 1-0

[Event "7eme open pâques Blagny"]
[Site "Blagny"]
[Date "????.??.??"]
[Round "5.5"]
[White "Belguiral, Baptiste"]
[Black "Marini, Franck"]
[Result "0-1"]
[WhiteElo "1270"]
[BlackElo "1573"]
[PlyCount "78"]

1. e4 e6 2. d4 d5 3. exd5 exd5 4. Nf3 Nf6 5. g3 Bd6 6. Bg2 O-O 7. O-O Bg4 8.
Nc3 c6 9. Qd3 Qc7 10. Re1 Nbd7 11. Ne5 Nxe5 12. dxe5 Bxe5 13. Ne2 Qd7 14. Bf4
Bxe2 15. Rxe2 Bxf4 16. gxf4 Rfe8 17. Rae1 Rxe2 18. Rxe2 Re8 19. Bh3 Qd8 20.
Rxe8+ Qxe8 21. f3 Qe1+ 22. Qf1 Qxf1+ 23. Kxf1 Nh5 24. f5 Nf4 25. Bg2 Nxg2 26.
Kxg2 Kf8 27. Kg3 Ke7 28. Kf4 Kf6 29. h4 h6 30. Kg4 c5 31. b3 b5 32. a3 a6 33.
h5 a5 34. f4 c4 35. bxc4 dxc4 36. Kf3 Kxf5 37. c3 g6 38. hxg6 fxg6 39. Ke3 h5
0-1

[Event "7eme open pâques Blagny"]
[Site "Blagny"]
[Date "????.??.??"]
[Round "5.6"]
[White "Regnier, Cedric"]
[Black "Pierquin, Jean-Bernard"]
[Result "0-1"]
[WhiteElo "1587"]
[BlackElo "1240"]
[PlyCount "60"]

1. d4 Nf6 2. Nf3 d5 3. e3 g6 4. b3 Nc6 5. Bb2 Bf5 6. Nbd2 Nb4 7. a3 Nxc2+ 8.
Ke2 Nxa1 9. Qxa1 Qd7 10. g3 Qb5+ 11. Ke1 Bd3 12. Bh3 Bf5 13. Bxf5 gxf5 14. a4
Qc6 15. Kf1 Ne4 16. Nxe4 fxe4 17. Ne5 Qe6 18. h3 f6 19. Ng4 f5 20. Nh2 Bh6 21.
Kg2 Rg8 22. Qd1 O-O-O 23. Bc3 Rd6 24. b4 Rc6 25. Qd2 f4 26. b5 f3+ 27. Nxf3
exf3+ 28. Kxf3 Qe4+ 29. Ke2 Rxc3 30. Qxc3 Qxh1 0-1

[Event "7eme open pâques Blagny"]
[Site "Blagny"]
[Date "????.??.??"]
[Round "5.7"]
[White "Louis, Vincent"]
[Black "Raguet, Boris"]
[Result "0-1"]
[WhiteElo "1391"]
[BlackElo "1550"]
[PlyCount "36"]

1. e4 c5 2. Nf3 Nc6 3. Bc4 d6 4. Nc3 g6 5. O-O Bg7 6. h3 e6 7. d3 Nd4 8. Re1 a6
9. a3 b5 10. Ba2 Bd7 11. Rb1 Rb8 12. Ne2 Nxf3+ 13. gxf3 Qh4 14. Kh2 Qxf2+ 15.
Kh1 Qxf3+ 16. Kh2 Be5+ 17. Kg1 Qxh3 18. Bf4 Qg4+ 0-1

[Event "7eme open pâques Blagny"]
[Site "Blagny"]
[Date "????.??.??"]
[Round "4.1"]
[White "Durant, Christophe"]
[Black "Salentiny, Eric"]
[Result "1/2-1/2"]
[WhiteElo "1964"]
[BlackElo "1956"]
[PlyCount "110"]

1. d4 d5 2. Nf3 Nf6 3. Bf4 Bg4 4. Ne5 Bd7 5. e3 Nc6 6. Be2 e6 7. Nd2 Nxe5 8.
Bxe5 Bd6 9. Bxd6 cxd6 10. O-O O-O 11. c4 dxc4 12. Bxc4 Bc6 13. Qe2 e5 14. dxe5
dxe5 15. Rfd1 Qc8 16. Rac1 Qf5 17. Nf1 Qg5 18. Ng3 h5 19. Bb5 h4 20. Bxc6 hxg3
21. Bxb7 Rab8 22. Rc7 gxh2+ 23. Kh1 g6 24. b3 Kg7 25. Ba6 Rbd8 26. Bc4 Rxd1+
27. Qxd1 Ne4 28. Qf3 Nd6 29. Rxa7 e4 30. Qf4 Qc5 31. Ra6 Nxc4 32. Qf6+ Kh7 33.
bxc4 Qxc4 34. Kxh2 Rh8 35. Kg3 Qc7+ 36. Qd6 Qc8 37. Ra7 Kg7 38. Qe7 (38. Qd7
Qb8+ 39. Rc7) 38... Qf5 39. Qd7 Qe5+ 40. Kg4 Qh5+ 41. Kf4 Qh2+ 42. Kxe4 Qxg2+
43. Kd3 Qxf2 44. Qd4+ Kh7 45. Qd7 Rf8 46. a4 Qf1+ 47. Kd2 Qf6 48. Ke2 g5 49.
Qd4 Qe6 50. Qd3+ Kg7 51. Qd4+ Kh6 52. a5 f6 53. Qd7 Qxd7 54. Rxd7 Ra8 55. Rd6
Rxa5 1/2-1/2

[Event "7eme open pâques Blagny"]
[Site "Blagny"]
[Date "????.??.??"]
[Round "4.2"]
[White "Louis, Andre"]
[Black "Halfaoui, Eddine"]
[Result "0-1"]
[WhiteElo "1678"]
[BlackElo "2006"]
[PlyCount "100"]

1. c4 Nf6 2. Nc3 g6 3. g3 Bg7 4. Bg2 O-O 5. Nf3 c6 6. d4 d5 7. cxd5 cxd5 8. O-O
Nc6 9. h3 Ne4 10. e3 f5 11. Ne5 Nxe5 12. dxe5 e6 13. Nxe4 fxe4 14. Qe2 Bd7 15.
Bd2 Bxe5 16. Bb4 Rf7 17. Rac1 Bc6 18. Rfd1 Qf6 19. Rc2 h5 20. h4 Kh7 21. Rdc1
Kh6 22. Bh3 Re8 23. Be1 g5 24. hxg5+ Qxg5 25. Kg2 Rf3 26. Rxc6 bxc6 27. Rxc6 h4
28. Bxe6 Rf6 29. Bxd5 hxg3 30. Rxf6+ (30. fxg3 Bd6 31. Bc4 Rd8 32. Qc2) 30...
Bxf6 31. Bf7 gxf2+ 32. Kxf2 Re7 33. Qc4 Qh4+ 34. Ke2 Qg4+ 35. Kd2 Rd7+ 36. Bd5
Qg2+ 37. Kd1 Qg5 38. Qxe4 Qxd5+ 39. Qxd5 Rxd5+ 40. Kc2 Kg5 41. Bf2 Kf5 42. b4
Ke4 43. a4 Bg5 44. b5 Bxe3 45. Bxe3 Kxe3 46. Kb3 Kd4 47. Kb4 Rd7 48. a5 Kd5 49.
a6 Rd6 50. Ka5 Kc5 0-1

[Event "7eme open pâques Blagny"]
[Site "Blagny"]
[Date "????.??.??"]
[Round "4.3"]
[White "Ghezzali, Leana"]
[Black "Pierquin, Adrien"]
[Result "1-0"]
[WhiteElo "1260"]
[BlackElo "1368"]
[PlyCount "90"]

1. d4 Nf6 2. c4 e6 3. Nf3 d5 4. g3 b6 5. Bg2 Bb7 6. O-O Nbd7 7. Nbd2 c5 8. b3
Qc7 9. Bb2 Be7 10. Rc1 O-O 11. dxc5 bxc5 12. e3 Rfd8 13. Qe2 Ba6 14. Rfd1 Nb6
15. Ne5 Rab8 16. Qe1 dxc4 17. Nc6 cxb3 18. axb3 Rd3 19. Nxb8 Qxb8 20. Bf1 Rxd2
21. Qxd2 Ne4 22. Qc2 Bb7 23. Bg2 Ng5 24. h4 Bxg2 25. hxg5 Bf3 26. Rd2 Nd5 27.
Ba3 Bxg5 28. Qxc5 h6 29. Qc8+ Qxc8 30. Rxc8+ Kh7 31. Bc5 Nf6 32. Bxa7 Ne4 33.
Rd7 Bg4 34. Rdc7 e5 35. Rb8 f5 36. b4 f4 37. Rbb7 Bf6 38. gxf4 exf4 39. Bd4
Bxd4 40. exd4 Nf6 41. Rxg7+ Kh8 42. Rg6 Bf3 43. Rb8+ Kh7 44. Rxf6 Kg7 45. Rxf4
Bh1 1-0

[Event "7eme open pâques Blagny"]
[Site "Blagny"]
[Date "????.??.??"]
[Round "4.4"]
[White "Hanot, Wilfried"]
[Black "Regnier, Cedric"]
[Result "1-0"]
[WhiteElo "1792"]
[BlackElo "1587"]
[PlyCount "61"]

1. d4 Nf6 2. Nf3 e6 3. Bf4 b6 4. Nbd2 Bb7 5. e3 d6 6. Be2 Be7 7. O-O Nbd7 8.
Rc1 Nh5 9. Bg3 Nxg3 10. hxg3 Rc8 11. Nh2 O-O 12. c3 Nf6 13. Qc2 c5 14. Bd3 g6
15. Nhf3 Nh5 16. Kh2 f5 17. Rh1 cxd4 18. Nxd4 Ng7 19. Kg1 e5 20. Qb3+ d5 21.
Nc2 e4 22. Be2 Ne6 23. f4 Nc5 24. Qb5 Bc6 25. Qb4 Nd3 26. Qd4 Nxc1 27. Ba6 Bb7
28. Bf1 Bc5 29. Qa4 Bc6 30. Qxa7 Ra8 31. Qxh7# 1-0

[Event "7eme open pâques Blagny"]
[Site "Blagny"]
[Date "????.??.??"]
[Round "4.5"]
[White "Hurreau, Jean Francois"]
[Black "Belguiral, Baptiste"]
[Result "1/2-1/2"]
[WhiteElo "1388"]
[BlackElo "1270"]
[PlyCount "94"]

1. e4 e5 2. Nf3 Nc6 3. Bb5 Nf6 4. d3 d6 5. Nc3 Bd7 6. O-O Be7 7. a3 O-O 8. Bc4
Na5 9. Ba2 Be6 10. Bxe6 fxe6 11. b4 Nc6 12. Bb2 Nd4 13. Nxd4 exd4 14. Ne2 e5
15. c3 dxc3 16. Nxc3 Qe8 17. Qb3+ Qf7 18. Qxf7+ Rxf7 19. Nd5 Nxd5 20. exd5 Raf8
21. Rae1 Bh4 22. g3 Bg5 23. Re2 h5 24. h4 Bh6 25. Bc1 Bxc1 26. Rxc1 Rf3 27. Rc3
R8f7 28. Rec2 e4 29. dxe4 R3f6 30. Rxc7 Rf3 31. Rxf7 Kxf7 32. Rc7+ Kf6 33. Rxb7
Rxa3 34. Rd7 Ke5 35. f4+ Kxe4 36. Rxd6 Rb3 37. Rd7 Rxg3+ 38. Kf2 Rf3+ 39. Ke2
Rxf4 40. b5 Rxh4 41. Rxa7 Rh2+ 42. Kd1 Kxd5 43. Rxg7 Kc5 44. Rg5+ Kb6 45. Ke1
Rb2 46. Rxh5 Rxb5 47. Rxb5+ Kxb5 1/2-1/2

[Event "7eme open pâques Blagny"]
[Site "Blagny"]
[Date "????.??.??"]
[Round "4.6"]
[White "Pierquin, Jean-Bernard"]
[Black "Louis, Vincent"]
[Result "1-0"]
[WhiteElo "1240"]
[BlackElo "1391"]
[PlyCount "48"]

1. d4 Nf6 2. Bf4 Nd5 3. Be5 d6 4. Bg3 Nc6 5. e4 Nf6 6. d5 Ne5 7. f4 Neg4 8. Qe2
g6 9. Nc3 Bg7 10. Qb5+ Qd7 11. Qb3 a6 12. Bd3 O-O 13. h3 Nh6 14. Nf3 Kh8 15.
Ng5 Ne8 16. O-O Ng8 17. Rae1 h6 18. Nf3 c6 19. e5 e6 20. exd6 cxd5 21. Ne5 Qxd6
22. f5 Qc5+ 23. Bf2 Qe7 24. Nxd5 exd5 1-0

[Event "7eme open pâques Blagny"]
[Site "Blagny"]
[Date "????.??.??"]
[Round "3.1"]
[White "Halfaoui, Eddine"]
[Black "Durant, Christophe"]
[Result "1/2-1/2"]
[WhiteElo "2006"]
[BlackElo "1964"]
[PlyCount "53"]

1. d4 Nf6 2. g3 d5 3. Bg2 Bf5 4. c4 c6 5. Nc3 e6 6. Nf3 Be7 7. O-O Nbd7 8. Nd2
O-O 9. Re1 Qc7 10. e4 dxe4 11. Ndxe4 Nxe4 12. Nxe4 Nf6 13. Bf4 Qd7 14. Be5 Nxe4
15. Bxe4 Bxe4 16. Rxe4 Bd6 17. Qh5 Bxe5 18. dxe5 Qd3 19. Rae1 Rad8 20. b3 c5
21. Rg4 Rd4 22. Rg5 Qd2 23. Rf1 Kh8 24. f4 Qe3+ 25. Kg2 Rd2+ 26. Kh3 Qe4 27.
Qf3 1/2-1/2

[Event "7eme open pâques Blagny"]
[Site "Blagny"]
[Date "????.??.??"]
[Round "3.2"]
[White "Salentiny, Eric"]
[Black "Ghezzali, Leana"]
[Result "1-0"]
[WhiteElo "1956"]
[BlackElo "1260"]
[PlyCount "65"]

1. f4 e6 2. Nf3 d5 3. e3 Nf6 4. b3 c5 5. Bb2 Nc6 6. Bb5 Bd7 7. Bxc6 Bxc6 8. O-O
Be7 9. Nc3 O-O 10. Ne2 Rc8 11. Ng3 Qd7 12. Ne5 Qc7 13. Ng4 Qd8 14. Nxf6+ Bxf6
15. Bxf6 Qxf6 16. f5 Qe7 17. f6 Qd8 18. Qg4 g6 19. Qg5 Kh8 20. Rf4 Rg8 21. Rh4
Qf8 22. Rh6 b6 23. Qh4 Rg7 24. fxg7+ Qxg7 25. Rf1 f5 26. Nh5 gxh5 27. Rxe6 Qf7
28. Rf6 Qg7 29. R6xf5 a5 30. Rg5 Qd7 31. Qxh5 Qe8 32. Rf7 Qe4 33. Rgg7 1-0

[Event "7eme open pâques Blagny"]
[Site "Blagny"]
[Date "????.??.??"]
[Round "3.3"]
[White "Louis, Andre"]
[Black "Regnier, Cedric"]
[Result "1-0"]
[WhiteElo "1678"]
[BlackElo "1587"]
[PlyCount "51"]

1. e4 c6 2. d4 d5 3. exd5 cxd5 4. Nf3 Nc6 5. Be2 Nf6 6. O-O Bg4 7. Bf4 Qb6 8.
Nbd2 Nxd4 9. Nxd4 Qxd4 10. Be3 Bxe2 11. Qxe2 Qxb2 12. Rfb1 Qxc2 13. Rxb7 Qc6
14. Rab1 a5 15. R1b6 Qc1+ 16. Nf1 Qc4 17. Qb2 Nd7 18. Rb5 e6 19. Nd2 Qc8 20.
Ba7 Bd6 21. Qxg7 Be5 22. Qg4 Ke7 23. Bc5+ Ke8 24. Qf3 Nxc5 25. Qxf7+ Kd8 26.
Qe7# 1-0

[Event "7eme open pâques Blagny"]
[Site "Blagny"]
[Date "????.??.??"]
[Round "3.4"]
[White "Pierquin, Adrien"]
[Black "Belguiral, Baptiste"]
[Result "1-0"]
[WhiteElo "1368"]
[BlackElo "1270"]
[PlyCount "91"]

1. Nf3 g6 2. d4 d5 3. Bf4 Bg7 4. Nc3 Nf6 5. e3 O-O 6. Bd3 Nc6 7. h3 e6 8. O-O
Nd7 9. Bb5 e5 10. Bxc6 exf4 11. Bxd5 fxe3 12. fxe3 Nf6 13. Bb3 Re8 14. Ng5 Be6
15. Nxe6 fxe6 16. Rb1 Kh8 17. Re1 Nd5 18. Nxd5 exd5 19. Qf3 c6 20. c3 Rf8 21.
Qg3 Bf6 22. Rf1 Qe7 23. Bc2 Rae8 24. e4 dxe4 25. Qe3 Kg7 26. Rbe1 Bh4 27. Re2
Rxf1+ 28. Kxf1 Rf8+ 29. Kg1 Qf6 30. Qxe4 Bf2+ 31. Kh1 Bg3 32. Qe7+ Qxe7 33.
Rxe7+ Kh6 34. Kg1 Bf2+ (34... Rf2 35. Bd3 Rxb2 36. a4) 35. Kh2 Rb8 36. Rf7 (36.
g3) 36... Be1 37. Re7 Bf2 38. g3 Rf8 39. Rxb7 Be3 40. Be4 Rf2+ 41. Bg2 Bc1 42.
Kg1 Rc2 43. Be4 Be3+ 44. Kf1 Rc1+ 45. Ke2 Bg1 46. Rxa7 1-0

[Event "7eme open pâques Blagny"]
[Site "Blagny"]
[Date "????.??.??"]
[Round "3.5"]
[White "Louis, Vincent"]
[Black "Hanot, Wilfried"]
[Result "0-1"]
[WhiteElo "1391"]
[BlackElo "1792"]
[PlyCount "52"]

1. e4 c6 2. d4 d5 3. e5 Bf5 4. c4 e6 5. Nc3 Bb4 6. Bd2 dxc4 7. Nf3 b5 8. a4
Bxc3 9. Bxc3 a5 10. b4 axb4 11. Bxb4 Nd7 12. a5 Ra6 13. Qd2 Ne7 14. Be2 O-O 15.
O-O Re8 16. Rfc1 Nd5 17. h3 Nxb4 18. Qxb4 Qe7 19. Qc3 Rea8 20. Rd1 Be4 21. Nd2
Bd5 22. Rdb1 Nb8 23. Rb2 R6a7 24. Kh1 Na6 25. Kg1 b4 26. Qc2 c3 0-1

[Event "7eme open pâques Blagny"]
[Site "Blagny"]
[Date "????.??.??"]
[Round "3.6"]
[White "Pierquin, Jean-Bernard"]
[Black "Hurreau, Jean Francois"]
[Result "0-1"]
[WhiteElo "1240"]
[BlackElo "1388"]
[PlyCount "57"]

1. d4 Nf6 2. Bf4 g6 3. Nc3 d5 4. Nf3 Bg4 5. e3 a6 6. Be2 Nbd7 7. h3 Be6 8. Ng5
c6 9. Nxe6 fxe6 10. Bg4 Nxg4 11. Qxg4 Qb6 12. Rb1 c5 13. Be5 Nxe5 14. dxe5 Bg7
15. Qg5 d4 16. Ne4 dxe3 17. fxe3 Qb4+ 18. Nc3 c4 19. O-O Qc5 20. Rf7 Kxf7 21.
Ne4 Qxe5 22. Rf1+ Ke8 23. Qg4 Rf8 24. Rf4 Rxf4 25. Qxf4 Qxf4 26. exf4 Bd4+ 27.
Kf1 Bxb2 28. Nc5 Bc1 29. Nxe6 0-1

[Event "7eme open pâques Blagny"]
[Site "Blagny"]
[Date "????.??.??"]
[Round "2.1"]
[White "Marini, Franck"]
[Black "Halfaoui, Eddine"]
[Result "0-1"]
[WhiteElo "1573"]
[BlackElo "2006"]
[PlyCount "82"]

1. d4 d5 2. c4 c6 3. Nf3 Nf6 4. cxd5 cxd5 5. Nc3 Nc6 6. e3 Rb8 7. Bd3 Bg4 8.
O-O e6 9. h3 Bh5 10. Bd2 Be7 11. a3 O-O 12. b4 a6 13. Be2 Qd7 14. Rc1 Bg6 15.
Qb3 Ne4 16. Rfd1 b5 17. Be1 f5 18. Rc2 Nd6 19. Ra2 Nc4 20. Rda1 f4 21. exf4
Rxf4 22. g3 Nxd4 23. Nxd4 Rxd4 24. Rd1 Rxd1 25. Qxd1 Rf8 26. Bg4 Bf5 27. Bxf5
Rxf5 28. Ne2 e5 29. Nc3 d4 30. Ne4 Qc6 31. Qd3 Qh6 32. h4 Qh5 33. Kg2 Qg6 34.
Kh2 Bxh4 35. gxh4 Rf4 36. f3 Ne3 37. Qe2 Qh5 38. Ng5 h6 39. Ne4 Rxf3 40. Nd2
Rh3+ 41. Kxh3 Qxe2 0-1

[Event "7eme open pâques Blagny"]
[Site "Blagny"]
[Date "????.??.??"]
[Round "2.2"]
[White "Durant, Christophe"]
[Black "Pierquin, Adrien"]
[Result "1-0"]
[WhiteElo "1964"]
[BlackElo "1368"]
[PlyCount "61"]

1. d4 Nf6 2. Nf3 e6 3. Bf4 d5 4. e3 c5 5. c3 Nc6 6. Nbd2 Be7 7. Bd3 c4 8. Bc2
Nh5 9. Bg3 Nxg3 10. hxg3 g6 11. Qe2 b5 12. e4 a5 13. exd5 exd5 14. Ne5 Bd7 15.
Qe3 Qc7 16. Ndf3 b4 17. Nxd7 Qxd7 18. Ba4 f6 19. Nh4 O-O-O 20. O-O Rde8 21. Qd2
g5 22. Nf3 Rhg8 23. Qc2 h5 24. Bb5 Kb7 25. Qa4 Ra8 26. Rfe1 Bd6 27. Re6 Qxe6
28. Bxc6+ Kb6 29. Qb5+ Kc7 30. Qb7+ Kd8 31. Qxa8+ 1-0

[Event "7eme open pâques Blagny"]
[Site "Blagny"]
[Date "????.??.??"]
[Round "2.3"]
[White "Belguiral, Baptiste"]
[Black "Salentiny, Eric"]
[Result "0-1"]
[WhiteElo "1270"]
[BlackElo "1956"]
[PlyCount "66"]

1. e4 d5 2. exd5 Qxd5 3. Nc3 Qd6 4. Nf3 Bg4 5. Be2 c6 6. h3 Bh5 7. O-O Nf6 8.
d3 e6 9. Ng5 Bxe2 10. Qxe2 h6 11. Nge4 Qc7 12. Nxf6+ gxf6 13. Ne4 Nd7 14. Be3
f5 15. Nc3 O-O-O 16. Nd1 f4 17. Bd2 Rg8 18. f3 Bc5+ 19. Kh1 Nf6 20. Be1 Rg6 21.
b4 Be7 22. c4 Nh5 23. Nc3 Bxb4 24. Ne4 Bxe1 25. Rfxe1 f5 26. Qf2 fxe4 27. dxe4
Ng3+ 28. Kg1 Qb6 29. Qxb6 axb6 30. Rab1 Rd2 31. a4 Nh5 32. g4 fxg3 33. Rxb6 Nf4
0-1

[Event "7eme open pâques Blagny"]
[Site "Blagny"]
[Date "????.??.??"]
[Round "2.4"]
[White "Hanot, Wilfried"]
[Black "Ghezzali, Leana"]
[Result "1/2-1/2"]
[WhiteElo "1792"]
[BlackElo "1260"]
[PlyCount "71"]

1. b4 e6 2. Bb2 d5 3. b5 c5 4. Nf3 Nf6 5. e3 Be7 6. c4 O-O 7. d4 Nbd7 8. Bd3 b6
9. Nbd2 Bb7 10. O-O Rc8 11. Rc1 dxc4 12. Bxc4 cxd4 13. Bxd4 Nc5 14. Bxc5 Bxc5
15. Nb3 Nd7 16. Nbd4 Qe7 17. Qb3 Rfd8 18. Rfd1 Bd6 19. a4 Nc5 20. Qa2 Qf6 21.
Qa1 e5 22. Nc6 Bxc6 23. bxc6 Rxc6 24. Nxe5 Bxe5 25. Qxe5 Rcd6 26. Rxd6 Qxd6 27.
Qxd6 Rxd6 28. Ra1 a6 29. Kf1 Kf8 30. Ke2 Ke7 31. f3 f6 32. g4 Kd7 33. h4 Kc6
34. Rc1 Kb7 35. Ra1 Kc6 36. Rc1 1/2-1/2